000 00578cam a22002291 4500
001 sa 65001812
003 DLC
005 20260227112111.0
008 890628s1964 ii b 000 0 hino
010 _asa 65001812
035 _a(OCoLC)19939363
040 _aDLC
_cWaU
_dDLC
042 _apremarc
050 0 0 _aPK1934
_b.T7
100 1 _aTripāṭhī, Rāmamūrti,
_d1929-2009.
245 1 0 _aAucitya-vimarśa.
260 _c[1964]
300 _a4, 273 p.
_c19 cm.
500 _aIn Hindi.
504 _aBibliographical footnotes.
650 0 _aHindi language
_xRhetoric.
999 _c62247
_d62247